Bournemouth Squad 25/26 - Statistics

General Stats
  • This quiz has been taken 36 times
    35 since last reset
  • The average score is 13 of 25
Answer Stats
# Nation Former Club Answer % Correct
17 Morocco Leverkusen Amine Adli
83%
24 Ghana Bristol City Antoine Semenyo
79%
1 Serbia Chelsea Djordje Petrovic
79%
9 Brazil FC Porto Evanilson
72%
12 USA RB Leipzig Tyler Adams
69%
11 Scotland Liverpool Ben Doak
66%
5 Argentina Feyenoord Marcos Senesi
66%
8 England Bristol City Alex Scott
62%
3 France Stade Rennais Adrien Truffert
59%
7 Wales Sheffield Utd David Brooks
59%
2 Mexico Barcelona Julian Araujo
59%
19 Netherlands ÁS Roma Justin Kluivert
59%
10 Scotland Celtic Ryan Christie
55%
15 England Spurs Adam Smith
48%
18 France Lille Bafode Diakite
48%
22 France Lorient Eli Kroupi
48%
20 Spain Milan Alex Jimenez
45%
26 Turkey Getafe Enes Unal
45%
4 England Leeds Lewis Cook
45%
16 England Middlesbrough Marcus Tavernier
45%
23 England Fleetwood Town James Hill
38%
6 Argentina Lanus Julio Soler
34%
21 France Lyon Romain Faivre
28%
44 Serbia Red Star Belgrade Veljka Milosavljevic
21%
40 England Youth Will Dennis
21%
No matching quizzes found
Score Distribution
Percent of People with Each Score
Percentile by Number Answered
Your Score History
You have not taken this quiz since the last reset